| 000 | 00486nam a2200193Ia 4500 | ||
|---|---|---|---|
| 003 | GCL | ||
| 008 | 140319s9999 xx 000 0 eng d | ||
| 040 |
_aGCL / _cGCL |
||
| 082 | 0 | 4 |
_a709 _bH A |
| 100 | 1 | _aHOURTICQ, LOUIS | |
| 245 | 1 | 0 |
_aL'ART ANTIQUE: ALBIM D'INAGES COMMENTEES / _cHOURTICQ, LOUIS |
| 260 |
_a[S.N] : _bLIBRAIRIE HACHETTE ، _c1936 |
||
| 300 | _a64 P | ||
| 650 | 0 | 4 | _aARTS |
| 650 | 0 | 4 | _aPAINTING |
| 650 | 0 | 4 | _aPAINTERS |
| 650 | 0 | 4 | _aART, HISTORY |
| 942 |
_2ddc _cBK |
||
| 999 |
_c19571 _d19571 |
||